Statistics for Random City To Country

Click here to take the quiz!

General Stats

  • This quiz has been taken 20 times
  • The average score is 20 of 50

Answer Stats

CityCountry% Correct
MoscowRussia
100%
DetroitUnited States
100%
FlorenceItaly
82%
MeccaSaudi Arabia
82%
ThessalonikiGreece
73%
HeraklionGreece
73%
NuukGreenland
64%
Tân UyênVietnam
64%
SurakartaIndonesia
55%
PožarevacSerbia
55%
Ta KhmauCambodia
45%
Mount PearlCanada
45%
HezuoChina
45%
HuixianChina
45%
BozhouChina
45%
GardelegenGermany
45%
Al AhmadiKuwait
45%
HastingsNew Zealand
45%
AnnecyFrance
36%
Koror CityPalau
36%
LotlhakaneBotswana
27%
DjédaaChad
27%
DjoièziComoros
27%
BouyyaDjibouti
27%
YantzazaEcuador
27%
NivalaFinland
27%
IkerasakGreenland
27%
CorrivertonGuyana
27%
EspartaHonduras
27%
YazdIran
27%
QazvinIran
27%
MassaItaly
27%
TakuJapan
27%
KitakataJapan
27%
ArdiyaKuwait
27%
MafetengLesotho
27%
SégouMali
27%
KouryMali
27%
MdinaMalta
27%
CălărașiMoldova
27%
Bor-ÖndörMongolia
27%
AlofiNiue
27%
EfogiPapua New Guinea
27%
AriljeSerbia
27%
TakamakaSeychelles
27%
AvdiivkaUkraine
27%
LozovaUkraine
27%
JizzakhUzbekistan
27%
Junction GateZimbabwe
27%
San BorjaBolivia
18%

Score Distribution

Percentile by Number Answered

Percent of People with Each Score

Your Score History

You have not taken this quiz